000 00987nam a2200301 i 4500
003 DO-SdBNP
005 20250617101615.0
007 ta
008 230328b1967 sp ||||| |||| 00| 0 spa d
040 _aDO-SdBNP
_bspa
_cBNPHU
_erda
041 _aspa
082 4 _a863.3
_bC419i 1967
_222
100 1 _aCervantes Saavedra, Miguel de,
_d1547-1616
_eautor
_4aut.
_93070
245 1 3 _aEl ingenioso hidalgo Don Quijote de la Mancha /
_cMiguel de Cervantes Saavedra.
250 _aVigésima tercera edición
264 _aMadrid :
_bEspasa-Calpe,
_c1967.
300 _a680 páginas ;
_c14 cm.
336 _atexto
_btxt
_2rdacontent
337 _asin mediación
_bn
_2rdamedia
338 _avolumen
_bnc
_2rdacarrier
490 0 _aColección Austral ;
_v150
500 _aIncluye índice de autores
590 _aInventariado, 2023/BT
650 4 _aNovela española
_91123
650 4 _aLiteratura española
_9632
910 _aBtavárez/Validado. Control de calidad MFF
942 _2ddc
_cLBS1
999 _c53182
_d53182